[Event "TCh-CHN 2015"]
[Site "China CHN"]
[Date "2015.08.20"]
[Round "12.3"]
[White "Li, Shilong"]
[Black "Liu, Qingnan"]
[Result "1/2-1/2"]
[WhiteTitle "GM"]
[BlackTitle "IM"]
[WhiteElo "2508"]
[BlackElo "2510"]
[WhiteTeam "Guangdong"]
[BlackTeam "Shandong"]
[WhiteFideId "8600678"]
[BlackFideId "8603294"]
[EventDate "2015.04.10"]

1. d4 d6 2. c4 g6 3. Nf3 Bg7 4. Nc3 Bg4 5. e3 e5 6. Be2 exd4 7. Nxd4 Bxe2 8.
Ndxe2 Nc6 9. O-O Nge7 10. Qb3 b6 11. Nd5 O-O 12. Bd2 Ne5 13. e4 N7c6 14. f4 Nd7
15. Bc3 Nf6 16. Ng3 h5 17. Rad1 h4 18. Bxf6 Bxf6 19. e5 Bxe5 20. fxe5 hxg3 21.
exd6 gxh2+ 22. Kh1 cxd6 23. Nf6+ Kg7 24. Ne4 Qh4 25. Qc3+ Ne5 26. Nxd6 f6 27.
Rd4 Qh5 28. b4 a5 29. b5 Rad8 30. c5 bxc5 31. Qxc5 Qe2 32. Rdf4 Qxa2 33. b6 Qe6
34. Rd4 Ng4 35. Qc7+ Kh6 36. Nf7+ Rxf7 37. Qxd8 Nf2+ 38. Kxh2 Qe5+ 39. g3 Ng4+
40. Rxg4 Qe2+ 41. Kg1 Qxg4 42. Qh8+ Kg5 43. Qb8 Qd4+ 44. Kg2 Qe4+ 45. Rf3 Qe2+
46. Rf2 Qe4+ 47. Rf3 Qc2+ 48. Rf2 Qc6+ 49. Rf3 f5 50. Qh8 Qc2+ 51. Kg1 Qd1+ 52.
Kg2 Qe2+ 53. Kh3 Qe4 54. Qd8+ Kh6 55. Qd2+ Kh7 56. Qd3 Qc6 57. g4 Qxb6 58. gxf5
gxf5 59. Qd5 Qh6+ 60. Kg2 Rg7+ 61. Rg3 Rxg3+ 62. Kxg3 Qe3+ 63. Kh2 Qe2+ 64. Kh3
Qg4+ 65. Kh2 Qh5+ 66. Kg1 Qg5+ 67. Kh2 Qh6+ 68. Kg2 a4 69. Kf2 Qh4+ 70. Kf1 Qf4+
71. Kg1 Qc1+ 72. Kf2 Qc2+ 73. Kf1 Kg6 74. Qe5 Qd3+ 75. Kf2 Qc2+ 76. Kg3 Qe4 77.
Qd6+ Kh5 78. Kf2 f4 79. Qf8 Qe3+ 80. Kf1 Qd3+ 81. Kf2 Qd4+ 82. Ke2 Qe4+ 83. Kf2
Qe3+ 84. Kf1 Kg4 85. Qg7+ Kf5 86. Qd7+ Qe6 87. Qxa4 Kg4 88. Qd4 Qa6+ 89. Kf2
Qa2+ 90. Kf1 Qb1+ 91. Kf2 Qc2+ 92. Kf1 Qb1+ 93. Kf2 Qa2+ 94. Kf1 Qf7 95. Kf2 Qe7
96. Qd1+ Kh4 97. Qh1+ Kg5 98. Qd5+ 1/2-1/2

[Event "TCh-CHN 2015"]
[Site "China CHN"]
[Date "2015.08.20"]
[Round "12.3"]
[White "Zeng, Chongsheng"]
[Black "Zhao, Jun"]
[Result "0-1"]
[WhiteTitle "GM"]
[BlackTitle "GM"]
[WhiteElo "2541"]
[BlackElo "2621"]
[WhiteTeam "Guangdong"]
[BlackTeam "Shandong"]
[WhiteFideId "8603847"]
[BlackFideId "8602522"]
[EventDate "2015.04.10"]

1. c4 Nf6 2. Nf3 b6 3. g3 Bb7 4. Bg2 e6 5. O-O Be7 6. b3 O-O 7. Bb2 c5 8. Nc3 d6
9. d4 cxd4 10. Qxd4 a6 11. Rfd1 Qc7 12. Rac1 Nbd7 13. Ng5 Bxg2 14. Kxg2 Rfd8 15.
Nge4 Qb7 16. f3 Ne8 17. Ba3 Ndf6 18. Nxf6+ Nxf6 19. e4 Ne8 20. Rc2 b5 21. cxb5
axb5 22. Bb4 Nc7 23. Ne2 Na6 24. Ba5 Rdc8 25. Rdc1 Rxc2 26. Rxc2 b4 27. Qb6 Qxb6
28. Bxb6 Kf8 29. Nc1 Bf6 30. Ba5 Bd4 31. Nd3 Bc5 32. e5 Ke7 33. Nxc5 dxc5 34.
Rd2 Rc8 35. f4 Nb8 36. Kf2 f6 37. exf6+ gxf6 38. a3 bxa3 39. Ra2 Nc6 40. Rxa3
Kd6 41. Bc3 e5 42. g4 Kd5 43. h4 Nd4 44. Ra6 Rb8 45. Rxf6 Rxb3 46. Bxd4 exd4 47.
Rf5+ Kc4 48. h5 d3 49. g5 d2 50. Ke2 Rd3 51. Kd1 Kb4 52. Rf7 c4 53. g6 hxg6 54.
hxg6 c3 55. Rb7+ Kc4 56. Rc7+ Kb3 57. Rb7+ Ka4 58. Ra7+ Kb5 59. Rc7 Rg3 60. Rxc3
Rxc3 61. f5 Rg3 0-1

[Event "TCh-CHN 2015"]
[Site "China CHN"]
[Date "2015.08.20"]
[Round "12.3"]
[White "Xu, Yinglun"]
[Black "Wen, Yang"]
[Result "0-1"]
[BlackTitle "GM"]
[WhiteElo "2443"]
[BlackElo "2573"]
[WhiteTeam "Guangdong"]
[BlackTeam "Shandong"]
[WhiteFideId "8604940"]
[BlackFideId "8602956"]
[EventDate "2015.04.10"]

1. d4 c5 2. c3 Nf6 3. Nf3 e6 4. e3 b6 5. Bd3 Bb7 6. Nbd2 d5 7. O-O Nbd7 8. Qe2
Ne4 9. Rd1 Be7 10. Ne5 Nxe5 11. dxe5 Qc7 12. Nxe4 dxe4 13. Bb5+ Kf8 14. Qh5 h6
15. c4 g6 16. Qe2 Qxe5 17. b4 Qxa1 18. Bb2 Qxa2 19. Bg7+ Kxg7 20. Qxa2 Rhd8 21.
Rxd8 Rxd8 22. g3 cxb4 23. Qxa7 b3 24. Ba4 Ra8 25. Qxb6 Rxa4 26. Qxb7 Ra3 0-1

[Event "TCh-CHN 2015"]
[Site "China CHN"]
[Date "2015.08.20"]
[Round "12.3"]
[White "Xu, Huahua"]
[Black "Li, Xueyi"]
[Result "1-0"]
[WhiteTitle "WIM"]
[WhiteElo "2105"]
[BlackElo "2190"]
[WhiteTeam "Shandong"]
[BlackTeam "Guangdong"]
[WhiteFideId "8604096"]
[BlackFideId "8605912"]
[EventDate "2015.04.10"]

1. e4 c6 2. d4 d5 3. e5 c5 4. c3 Nc6 5. Nf3 cxd4 6. cxd4 Bg4 7. Be2 e6 8. O-O
Nge7 9. Be3 Nf5 10. Nbd2 Be7 11. h3 Bh5 12. Qb3 Qb6 13. Qxb6 axb6 14. a3 O-O 15.
Bd3 Nxe3 16. fxe3 Bg6 17. Bxg6 hxg6 18. Rfe1 b5 19. Nb3 Ra4 20. Rec1 Rfa8 21.
Ne1 Bg5 22. Kf2 b4 23. axb4 Ra2 24. Nd3 R8a3 25. Rxa2 Rxa2 26. Kf3 Be7 27. Nbc5
b6 28. Nxe6 Nxe5+ 29. dxe5 fxe6 30. Rc6 Bxb4 31. Nxb4 Rxb2 32. Rxb6 1-0

[Event "TCh-CHN 2015"]
[Site "China CHN"]
[Date "2015.08.20"]
[Round "12.3"]
[White "Xiao, Yiyi"]
[Black "Liu, Manli CHN"]
[Result "1/2-1/2"]
[WhiteTitle "WFM"]
[WhiteElo "2218"]
[BlackElo "2033"]
[WhiteTeam "Shandong"]
[BlackTeam "Guangdong"]
[WhiteFideId "8606161"]
[BlackFideId "8608121"]
[EventDate "2015.04.10"]

1. d4 Nf6 2. c4 e6 3. Nf3 d5 4. Nc3 Be7 5. Bf4 O-O 6. e3 b6 7. Qc2 c5 8. Rd1 Bb7
9. dxc5 bxc5 10. cxd5 exd5 11. Be2 Qa5 12. O-O Rd8 13. Ne5 Na6 14. Bf3 Qb6 15.
a3 Rac8 16. Rd2 Ba8 17. Rfd1 Nc7 18. h3 h6 19. Na4 Qa5 20. Nc3 Qb6 21. Ng4 Nxg4
22. Bxg4 Ne6 23. Nxd5 Bxd5 24. Rxd5 Rxd5 25. Rxd5 Nxf4 26. exf4 Rd8 27. Bf3 Rxd5
28. Bxd5 g6 29. Qa4 Kf8 30. b3 Qd6 31. Qc4 Qf6 32. g3 Bd6 33. Kg2 Kg7 34. Qa6
Qe7 35. Bb7 Bb8 36. a4 Qc7 37. h4 Qd6 38. Qc4 Qe7 39. Be4 Bd6 40. Qd5 Qe6 41.
Qd3 Qf6 42. Qf3 Qe6 43. f5 Qf6 44. Qg4 g5 45. f4 Be7 46. Kh3 Kf8 47. fxg5 hxg5
48. h5 Kg7 49. Qe2 Qe5 50. Qf3 1/2-1/2

[Event "TCh-CHN 2015"]
[Site "China CHN"]
[Date "2015.08.20"]
[Round "12.4"]
[White "Malakhov, Vladimir"]
[Black "Zhou, Jianchao"]
[Result "1-0"]
[WhiteTitle "GM"]
[BlackTitle "GM"]
[WhiteElo "2706"]
[BlackElo "2578"]
[WhiteTeam "Tianjing"]
[BlackTeam "Shanghai"]
[WhiteFideId "4120787"]
[BlackFideId "8603537"]
[EventDate "2015.04.10"]

1. Nf3 Nf6 2. g3 d5 3. Bg2 c6 4. O-O Bf5 5. c4 e6 6. cxd5 exd5 7. d3 Be7 8. Nc3
Na6 9. Be3 O-O 10. Qb3 Bc8 11. Rac1 Nc5 12. Qc2 Ne6 13. d4 Nc7 14. Na4 Ne4 15.
Nc5 Nxc5 16. dxc5 Bf6 17. h3 g6 18. Nd4 Ne6 19. Rfd1 Re8 20. b4 Qe7 21. Nf3 Ng5
22. Nxg5 Bxg5 23. Bxg5 Qxg5 24. b5 Bf5 25. Qa4 Qf6 26. e3 a6 27. bxc6 bxc6 28.
Rd4 Reb8 29. Rb4 Rxb4 30. Qxb4 Bd3 31. Rd1 Be2 32. Rd4 Bc4 33. Qb7 Re8 34. Rf4
Qe6 35. a4 Re7 36. Qb8+ Re8 37. Qb2 Qe7 38. Qb6 Rc8 39. h4 Qe5 40. Bh3 f5 41.
Kh2 h5 42. Rd4 Kf8 43. Rd2 Ke7 44. Rb2 Qc7 45. Qb4 Rd8 46. Qc3 Kf7 47. Rb6 Re8
48. Qb2 Qe5 49. Rb7+ Kf8 50. Qb4 Qa1 51. Ra7 Qf6 52. Bg2 Re7 53. Qb8+ Kg7 54.
Ra8 Kh7 55. Qg8+ Kh6 56. Rc8 Bb3 57. a5 Bc4 58. Qd8 Bb5 59. Qb6 d4 60. exd4 Qxd4
61. Qb8 Kh7 62. Rf8 Bc4 63. Rd8 Bd5 64. Qd6 Rf7 65. Qxc6 Bxc6 66. Rxd4 Rc7 67.
Bxc6 Rxc6 68. Rc4 Kg7 69. Kg2 Kf6 70. Rb4 Ke5 71. Rb6 Kd5 72. Kf3 Kxc5 73. Rb2
Kd5 74. Kf4 Rc4+ 75. Kg5 Rg4+ 76. Kf6 Kc5 77. Rb6 f4 78. gxf4 Rxh4 79. Ke5 Rg4
80. Rxa6 Rg2 81. Re6 Rg1 82. a6 Re1+ 83. Kf6 Rxe6+ 84. Kxe6 Kb6 85. f5 h4 86. f6
h3 87. f7 h2 88. f8=Q h1=Q 89. Qd6+ Ka7 90. f4 Qh3+ 91. Kf7 Qh7+ 92. Kf6 Qh6 93.
Ke7 Qh7+ 94. Kf6 Qh6 95. Qc5+ Kxa6 96. Qg5 Qf8+ 97. Kxg6 Qe8+ 98. Kg7 Qd7+ 99.
Kh6 Qh3+ 100. Kg6 Kb7 101. f5 Qd3 102. Kg7 Qd4+ 103. f6 Kc6 104. Kh6 Kd7 105.
Qf5+ Kd8 106. f7 Qh4+ 107. Kg7 Qg3+ 108. Qg6 Qc7 109. Qd3+ Kc8 110. Kg8 1-0

[Event "TCh-CHN 2015"]
[Site "China CHN"]
[Date "2015.08.20"]
[Round "12.4"]
[White "Ma, Qun"]
[Black "Xu, Yi"]
[Result "1-0"]
[WhiteTitle "GM"]
[BlackTitle "FM"]
[WhiteElo "2609"]
[BlackElo "2356"]
[WhiteTeam "Tianjing"]
[BlackTeam "Shanghai"]
[WhiteFideId "8603154"]
[BlackFideId "8605564"]
[EventDate "2015.04.10"]

1. e4 e5 2. Nf3 Nf6 3. Nc3 Bb4 4. Nxe5 O-O 5. Nd3 Bxc3 6. dxc3 Nxe4 7. Be2 d6 8.
O-O Nd7 9. Be3 Re8 10. Re1 a5 11. Nf4 Nec5 12. Qd2 Ne5 13. Rad1 Ne4 14. Qc1 Bd7
15. f3 Nf6 16. c4 b6 17. b3 Bc6 18. a4 Qc8 19. Qd2 Ng6 20. Bd4 Qf5 21. Nd3 Ne4
22. Qc1 Ng5 23. Kf2 Ne4+ 24. Kf1 h5 25. Nf2 Nxf2 26. Kxf2 Nf4 27. Be3 Nxe2 28.
Rxe2 h4 29. h3 Qg6 30. Rd4 Bxf3 31. gxf3 Qg3+ 32. Kf1 Qxf3+ 33. Ke1 Re6 34. Kd2
Rae8 35. Qe1 g5 36. Qg1 f6 37. Qg4 Qxg4 38. Rxg4 Kf7 39. Rgg2 Rg8 40. Bf2 Re5
41. Rxe5 dxe5 42. c5 bxc5 43. Bxc5 f5 44. Bf2 Kf6 45. Ke2 Ra8 46. Rg1 f4 47. Rd1
Kf5 48. Rd5 Ke4 49. Rc5 g4 50. hxg4 h3 51. Bg1 Rg8 52. Rc4+ Kd5 53. Kf3 c6 54.
Rc5+ Ke6 55. Rxc6+ Kd5 56. Rc5+ Ke6 57. Rxa5 Rd8 58. Ke4 Rd1 59. Rxe5+ 1-0

[Event "TCh-CHN 2015"]
[Site "China CHN"]
[Date "2015.08.20"]
[Round "12.5"]
[White "Xu, Xiangyu CHN"]
[Black "Xiu, Deshun"]
[Result "1/2-1/2"]
[BlackTitle "GM"]
[WhiteElo "2243"]
[BlackElo "2557"]
[WhiteTeam "Chengdu"]
[BlackTeam "Beijing"]
[WhiteFideId "8608288"]
[BlackFideId "8603693"]
[EventDate "2015.04.10"]

1. e4 e5 2. Nf3 Nc6 3. Nc3 Nf6 4. d4 Bb4 5. Nxe5 Nxe4 6. Qf3 Nf6 7. Be3 O-O 8.
Bd3 Re8 9. Nxc6 bxc6 10. O-O d5 11. Bg5 Be7 12. Rae1 Rb8 13. b3 h6 14. Bf4 Be6
15. Na4 Qc8 16. h3 Bf5 17. Bxf5 Qxf5 18. Bxc7 Qxf3 19. gxf3 Rbc8 20. Bg3 Nd7 21.
Bf4 c5 22. dxc5 Nxc5 23. Nxc5 Bxc5 24. c3 Red8 25. Rd1 d4 26. cxd4 Bxd4 27. Rd2
Bb6 28. Rxd8+ Rxd8 29. Re1 g5 30. Be3 Bxe3 31. Rxe3 Rd2 32. a4 Rb2 33. Kg2 a5
34. Re8+ Kg7 35. Rb8 Kg6 36. Rb5 h5 37. Kg3 h4+ 38. Kg2 f5 39. Rb6+ Kg7 40. Kf1
Rb1+ 41. Kg2 f4 42. Kh2 Kf7 43. Kg2 Kg7 44. Rb5 Kf6 45. Kh2 Kg6 46. Kg2 Kf6 47.
Rxa5 Rxb3 48. Rb5 Ra3 49. a5 Ra1 50. Rb6+ Kf5 51. Rb5+ Kf6 52. Rb6+ Kf5 53. Rb5+ 1/2-1/2

[Event "TCh-CHN 2015"]
[Site "China CHN"]
[Date "2015.08.20"]
[Round "12.5"]
[White "Zhao, Yuanhe"]
[Black "Wang, Yiye"]
[Result "1-0"]
[BlackTitle "IM"]
[WhiteElo "2217"]
[BlackElo "2433"]
[WhiteTeam "Chengdu"]
[BlackTeam "Beijing"]
[WhiteFideId "8609497"]
[BlackFideId "8606021"]
[EventDate "2015.04.10"]

1. d4 Nf6 2. c4 e6 3. g3 d5 4. Nf3 dxc4 5. Bg2 Bd7 6. Ne5 Bc6 7. Nxc6 Nxc6 8.
O-O Qd7 9. Nc3 O-O-O 10. Bg5 Qxd4 11. Qa4 Qc5 12. Be3 Nd4 13. Rfd1 e5 14. Rd2
Be7 15. Rad1 Rd6 16. Bxd4 exd4 17. Qb5 Qb6 18. Qf5+ Kb8 19. Na4 Qb4 20. Nc5 Rb6
21. Rxd4 Rb5 22. Na6+ bxa6 23. Qf3 Rb7 24. Rxc4 Qxb2 25. Rdc1 Bd6 26. R4c2 Qb6
27. Rc3 a5 28. Rb3 Bb4 29. a3 Rd8 30. Qxb7+ Qxb7 31. Bxb7 Kxb7 32. axb4 a4 33.
Ra3 Rd2 34. Rxa4 Rxe2 35. Rca1 Re7 36. Rxa7+ Kb6 37. R7a5 Rd7 38. Rc1 Nd5 39.
Rd1 c6 40. Rc5 Re7 41. Rc4 Kb5 42. Rdd4 Re1+ 43. Kg2 Rb1 44. Rc5+ Kb6 45. Rcc4
Kb5 46. Rc5+ Kb6 47. Rcxd5 cxd5 48. Rxd5 Kc6 49. Rd4 Re1 50. g4 Re7 51. h4 h6
52. Kg3 Kb5 53. Kf4 Ka4 54. h5 Rb7 55. Ke5 Rb5+ 56. Kd6 g6 57. hxg6 fxg6 58. Kc6
h5 59. gxh5 gxh5 60. Rh4 Rxb4 61. Rxh5 Rf4 62. Rh2 Rf3 63. Kd5 Kb5 64. Ke4 Rf8
65. f4 Kc6 66. Rd2 Re8+ 67. Kf5 Rf8+ 68. Kg5 Rg8+ 69. Kh6 Rf8 70. Rf2 Kd7 71.
Kg7 Rf5 72. Kg6 Ra5 73. f5 Ke8 74. Re2+ Kf8 75. Rb2 Ra1 76. Rb8+ 1-0

[Event "TCh-CHN 2015"]
[Site "China CHN"]
[Date "2015.08.20"]
[Round "12.5"]
[White "Wang, Jue"]
[Black "Li, Yunshan"]
[Result "1/2-1/2"]
[WhiteTitle "WGM"]
[BlackTitle "WFM"]
[WhiteElo "2365"]
[BlackElo "1916"]
[WhiteTeam "Beijing"]
[BlackTeam "Chengdu"]
[WhiteFideId "8604070"]
[BlackFideId "8607664"]
[EventDate "2015.04.10"]

1. e4 c5 2. Nf3 e6 3. d4 cxd4 4. Nxd4 Nc6 5. Nc3 Qc7 6. Be3 a6 7. Be2 b5 8. Nxc6
Qxc6 9. Bf3 Bb7 10. O-O Qc7 11. e5 f5 12. exf6 Nxf6 13. Bf4 Qxf4 14. Bxb7 Ra7
15. Bf3 Bb4 16. Ne2 Qc7 17. a4 O-O 18. Qd3 Rb8 19. g3 Qc4 20. Qd1 Rc7 21. c3 Bf8
22. Nd4 e5 23. Nf5 b4 24. Ne3 Qc5 25. Nd5 Nxd5 26. Bxd5+ Kh8 27. c4 Qb6 28. Qh5
Qf6 29. Rae1 Bd6 30. b3 Rcc8 31. Qh3 Rd8 32. Re4 a5 33. Rh4 h6 34. Be4 Bc5 35.
Rh5 Rb6 36. Rf5 Qe7 37. Qh5 Bd4 38. Rf7 Qg5 39. Qxg5 hxg5 40. Rf5 g6 41. Rf7 Rg8
42. Rxd7 Rf6 43. Kg2 Rgf8 44. f3 R8f7 45. Rd5 g4 46. Rxa5 g5 47. Ra8+ Kg7 48.
Bd5 gxf3+ 49. Rxf3 Rxf3 50. Bxf3 e4 51. Bh5 Rf2+ 52. Kh3 Kh6 53. Ra6+ Kg7 54.
Rg6+ Kh7 55. Rd6 Bc5 56. Rd5 Be3 57. Re5 Rb2 58. Bd1 Bg1 59. Rxe4 Rxh2+ 60. Kg4
Rd2 61. Bf3 Rb2 62. Re7+ Kg6 63. Re6+ Kg7 64. Re1 Bd4 65. Bd1 Kg6 66. Re2 Rxe2
67. Bxe2 Bb6 68. Bd3+ Kf6 69. Bc2 Bd8 70. Kf3 Ke5 71. Ke3 Bb6+ 72. c5 Bxc5+ 73.
Kd3 Kd5 74. Bd1 Bf2 75. g4 Kc5 76. Ke4 Kb6 77. Kd5 Ka5 78. Be2 Be3 79. Ke4 Bc1
80. Kf5 Bd2 81. Ke4 Bc1 82. Kd5 Bd2 83. Kc5 Bc1 84. Bc4 Bd2 85. Kd5 Bc1 86. Ke5
Bd2 87. Kf5 Bc1 88. Ke5 Bd2 89. Bd3 Bc1 1/2-1/2

[Event "TCh-CHN 2015"]
[Site "China CHN"]
[Date "2015.08.20"]
[Round "12.6"]
[White "Wang, Rui"]
[Black "Zhou, Weiqi"]
[Result "0-1"]
[WhiteTitle "GM"]
[BlackTitle "GM"]
[WhiteElo "2403"]
[BlackElo "2627"]
[WhiteTeam "Heibei"]
[BlackTeam "Chongqing"]
[WhiteFideId "8601003"]
[BlackFideId "8601674"]
[EventDate "2015.04.10"]

1. d4 Nf6 2. c4 e6 3. Nc3 Bb4 4. g3 O-O 5. Bg2 d5 6. cxd5 exd5 7. Nf3 c6 8. O-O
Re8 9. Ne5 Bd6 10. Nd3 Bf5 11. Rb1 a5 12. b3 Na6 13. Ra1 Nb4 14. Ne1 Ne4 15. Bb2
Bg4 16. Nf3 Qe7 17. a3 Nxc3 18. Bxc3 Na6 19. Re1 Nc7 20. Bb2 f6 21. Qc2 Qe4 22.
Qc1 Qe6 23. a4 Na6 24. Bc3 Nb4 25. Qb2 Qf7 26. h3 Bf5 27. Nh4 Be4 28. Bxb4 Bxb4
29. Red1 g5 30. Nf3 Qe6 31. Kh2 h5 32. Ng1 Bf5 33. e3 Re7 34. Qe2 Rh7 35. Ra2
Re8 36. Qf1 Bd6 37. Kh1 Qf7 38. Ne2 Qg6 39. Rc1 Rhe7 40. Qe1 Bb4 41. Qd1 Kf8 42.
Ng1 Rh7 43. Kh2 Ree7 44. Nf3 Bd6 45. Kh1 Be4 46. Ne1 Bf5 47. Bf1 Qf7 48. Nf3 Qe6
49. Ng1 Bc7 50. Bd3 Bxh3 51. Bxh7 Rxh7 52. Nxh3 Qxh3+ 53. Kg1 h4 54. Qf1 Qe6 55.
Re1 hxg3 56. f3 f5 57. Rae2 Qf6 58. f4 g4 59. Rc2 Rh3 60. Qd3 Kg7 61. Rg2 Qh4
62. Kf1 Kf6 63. Ree2 Rh2 64. Rg1 Qh3+ 65. Ke1 Rh1 0-1

[Event "TCh-CHN 2015"]
[Site "China CHN"]
[Date "2015.08.20"]
[Round "12.6"]
[White "Wan, Yunguo"]
[Black "Wang, Chen"]
[Result "0-1"]
[WhiteTitle "IM"]
[BlackTitle "IM"]
[WhiteElo "2477"]
[BlackElo "2500"]
[WhiteTeam "Heibei"]
[BlackTeam "Chongqing"]
[WhiteFideId "8603189"]
[BlackFideId "8601020"]
[EventDate "2015.04.10"]

1. e4 c5 2. Nf3 e6 3. g3 Nc6 4. Bg2 Nf6 5. Qe2 e5 6. O-O Be7 7. c3 O-O 8. d3 d6
9. a4 Re8 10. Na3 h6 11. Nc4 Be6 12. Rd1 Bf8 13. Be3 Qc7 14. Nh4 a6 15. a5 Rad8
16. b4 g5 17. bxc5 d5 18. exd5 Nxd5 19. Bxd5 Rxd5 20. Ng2 f5 21. Nb6 Rdd8 22. f3
Bf7 23. Bf2 Na7 24. Ne3 Nb5 25. Rac1 Nd4 26. cxd4 exd4 27. Qd2 dxe3 28. Bxe3 Qc6
29. Rf1 Bg7 30. Kg2 g4 31. h3 gxf3+ 32. Kh1 f4 33. gxf4 f2+ 34. Kh2 Qf3 0-1

[Event "TCh-CHN 2015"]
[Site "China CHN"]
[Date "2015.08.20"]
[Round "12.6"]
[White "Huang, Qian"]
[Black "Zhai, Mo"]
[Result "1/2-1/2"]
[WhiteTitle "WGM"]
[BlackTitle "WIM"]
[WhiteElo "2473"]
[BlackElo "2324"]
[WhiteTeam "Chongqing"]
[BlackTeam "Heibei"]
[WhiteFideId "8602689"]
[BlackFideId "8600201"]
[EventDate "2015.04.10"]

1. Nf3 Nf6 2. c4 e6 3. Nc3 Bb4 4. d4 b6 5. g3 Ba6 6. Qb3 c5 7. a3 Bxc3+ 8. Qxc3
d5 9. cxd5 Nxd5 10. Qc2 Nd7 11. Qa4 Qc8 12. Bd2 O-O 13. Rc1 Qb7 14. Bg2 Rac8 15.
Qd1 Bb5 16. O-O Rfd8 17. Re1 Bc6 18. dxc5 Nxc5 19. Nd4 Ba4 20. b3 Be8 21. Bg5 f6
22. b4 Ba4 23. Qd2 Nb3 24. Nxb3 Bxb3 25. Qb2 Bc4 26. Bd2 Qd7 27. e4 Ne7 28. Be3
Qb5 29. Red1 1/2-1/2

[Event "TCh-CHN 2015"]
[Site "China CHN"]
[Date "2015.08.21"]
[Round "13.1"]
[White "Zhang, Pengxiang"]
[Black "Fang, Yuxiang"]
[Result "1/2-1/2"]
[WhiteTitle "GM"]
[WhiteElo "2570"]
[BlackElo "2437"]
[WhiteTeam "Heibei"]
[BlackTeam "Qingdao"]
[WhiteFideId "8600970"]
[BlackFideId "8605840"]
[EventDate "2015.04.10"]

1. d4 d5 2. c4 c6 3. Nf3 Nf6 4. Nc3 a6 5. a4 e6 6. Bf4 a5 7. e3 Na6 8. Be2 Be7
9. g4 h6 10. Rg1 g5 11. Be5 Bd6 12. Qb1 Qe7 13. Kf1 Bxe5 14. Nxe5 Nb4 15. Rg3
Nd7 16. Nf3 b6 17. e4 dxe4 18. Qxe4 Bb7 19. Na2 O-O-O 20. Nxb4 Qxb4 21. Qc2 Qd6
22. b4 axb4 23. c5 bxc5 24. a5 cxd4 25. Nd2 d3 26. Bxd3 Ne5 27. a6 Ba8 28. Ne4
Qd4 29. Rd1 Qb6 30. Qb2 Qd4 31. Qc2 Qb6 32. Qb2 Qd4 33. Qc2 Qb6 1/2-1/2

[Event "TCh-CHN 2015"]
[Site "China CHN"]
[Date "2015.08.21"]
[Round "13.1"]
[White "Wan, Yunguo"]
[Black "Ma, Zhonghan"]
[Result "1-0"]
[WhiteTitle "IM"]
[BlackTitle "IM"]
[WhiteElo "2477"]
[BlackElo "2468"]
[WhiteTeam "Heibei"]
[BlackTeam "Qingdao"]
[WhiteFideId "8603189"]
[BlackFideId "8607206"]
[EventDate "2015.04.10"]

1. e4 e5 2. Nf3 Nc6 3. Bb5 Nf6 4. O-O Nxe4 5. Re1 Nd6 6. Nxe5 Be7 7. Bf1 O-O 8.
d4 Nf5 9. d5 Nxe5 10. Rxe5 d6 11. Re1 Bg5 12. Nd2 Bd7 13. g3 Re8 14. Ne4 Bxc1
15. Rxc1 h6 16. Bg2 Ne7 17. Qd4 Bf5 18. c4 b6 19. Re3 Qd7 20. Rce1 Ng6 21. f4
Re7 22. Nc3 Rae8 23. b4 Rxe3 24. Rxe3 Rxe3 25. Qxe3 a6 26. Bf1 Bh3 27. Bd3 Bf5
28. c5 bxc5 29. bxc5 Bxd3 30. Qxd3 dxc5 31. Qxa6 Ne7 32. Qc4 Qd6 33. a4 Qb6 34.
Qb5 Qxb5 35. Nxb5 Nxd5 36. a5 c6 37. Nd6 Nb4 38. Kf2 Kf8 39. Nb7 Ke7 40. Nxc5
Kd6 41. a6 Nd5 42. a7 Nb6 43. Na4 Na8 44. Ke3 Kc7 45. Kd4 Kb7 46. Kc5 Nc7 47.
Kd6 Nd5 48. Nc5+ Kxa7 49. Kxc6 Ne3 50. h3 g5 51. Ne4 gxf4 52. gxf4 h5 53. Kd6
Kb6 54. Nf6 Nf5+ 55. Ke5 Ng3 56. Ne4 Ne2 57. f5 Kc6 58. Ng5 Kd7 59. Nxf7 Nc1 60.
f6 Nd3+ 61. Kf5 Ke8 62. Ne5 Nc5 63. Kg6 Ne6 64. Kxh5 Kf8 65. h4 Kg8 66. Kg6 Nf4+
67. Kf5 Nd5 68. h5 Kh7 69. f7 Kg7 70. h6+ 1-0

[Event "TCh-CHN 2015"]
[Site "China CHN"]
[Date "2015.08.21"]
[Round "13.1"]
[White "Wang, Rui"]
[Black "Nguyen, Ngoc Truong Son"]
[Result "1/2-1/2"]
[WhiteTitle "GM"]
[BlackTitle "GM"]
[WhiteElo "2403"]
[BlackElo "2634"]
[WhiteTeam "Heibei"]
[BlackTeam "Qingdao"]
[WhiteFideId "8601003"]
[BlackFideId "12401110"]
[EventDate "2015.04.10"]

1. d4 d5 2. c4 c6 3. cxd5 cxd5 4. Nc3 e6 5. Bf4 Bd6 6. Bxd6 Qxd6 7. e3 Ne7 8.
Bd3 Nbc6 9. Rc1 O-O 10. Nge2 Bd7 11. O-O Rfc8 12. a3 Na5 13. Rc2 Nc4 14. Bxc4
Rxc4 15. Qb1 Rac8 16. Rfc1 R4c7 17. Na2 Nc6 18. b4 Ne7 19. Rxc7 Rxc7 20. Qd3 Nc8
21. Rxc7 Qxc7 22. Nac3 Nd6 23. Nb1 Qc4 24. Qxc4 Nxc4 25. Nec3 f6 26. Kf1 Be8 27.
Ke2 Bg6 28. Kd1 Nb2+ 29. Ke2 Kf7 30. Nd2 Ke7 31. f3 Bd3+ 32. Kf2 b6 33. g3 Kd6
34. e4 a6 35. Ke3 Bc2 36. Ke2 g5 37. h3 h6 38. Ke3 Bd3 39. Kf2 dxe4 40. fxe4 f5
41. Ke3 fxe4 42. h4 gxh4 43. gxh4 Ke7 44. d5 exd5 45. Nxd5+ Ke6 46. Nxb6 Kf5 47.
Nd5 Kg4 48. Nxe4 Kxh4 49. Nc5 Bc4 50. Nc7 Kg3 51. a4 h5 52. b5 Nxa4 53. bxa6
Bxa6 54. Ne4+ Kg2 55. Nxa6 h4 56. Ng5 h3 57. Nxh3 Kxh3 1/2-1/2

[Event "TCh-CHN 2015"]
[Site "China CHN"]
[Date "2015.08.21"]
[Round "13.1"]
[White "Pham, Le Thao Nguyen"]
[Black "Wang, Doudou"]
[Result "1-0"]
[WhiteTitle "WGM"]
[BlackTitle "WIM"]
[WhiteElo "2319"]
[BlackElo "2205"]
[WhiteTeam "Qingdao"]
[BlackTeam "Heibei"]
[WhiteFideId "12401226"]
[BlackFideId "8603197"]
[EventDate "2015.04.10"]

1. d4 d5 2. c4 c6 3. cxd5 cxd5 4. Bf4 Nc6 5. e3 Nf6 6. Nc3 Bf5 7. Qb3 Na5 8.
Qa4+ Bd7 9. Qc2 e6 10. Bd3 a6 11. Nf3 Rc8 12. O-O Be7 13. h3 O-O 14. Qe2 b5 15.
Ne5 Bc6 16. Rac1 Qb6 17. Rc2 Nc4 18. Rfc1 Nxe5 19. Bxe5 Bb7 20. a4 b4 21. Nb1 b3
22. Rc3 Rxc3 23. Rxc3 Rc8 24. Bxf6 Bxf6 25. a5 Qxa5 26. Rxb3 Rc1+ 27. Kh2 Qc7+
28. g3 g6 29. Nc3 Ra1 30. Qc2 Qc6 31. Ne2 Qxc2 32. Bxc2 Bc6 33. Bd3 a5 34. Nc3
Kg7 35. Rb6 Be8 36. Rb7 Ba4 37. Bb5 Bxb5 38. Nxb5 Kf8 39. Nd6 Be7 40. Rb8+ Kg7
41. Ne8+ Kf8 42. Nc7+ Kg7 43. Rb7 Kf8 44. Kg2 Bb4 45. Na6 Be7 46. g4 h6 47. Nb8
Rc1 48. Nd7+ Kg7 49. Ne5 Kf8 50. Ra7 Rc2 51. b3 Rb2 52. Rxa5 Rxb3 53. Ra7 Rb2
54. Kg3 Rb1 55. Kg2 Rb2 56. h4 Bxh4 57. Rxf7+ Kg8 58. Rf3 Kg7 59. Nd3 Rb8 60.
Rh3 Bf6 61. Rh1 Re8 62. Rb1 Re7 63. Rb5 g5 64. Nb4 Kg6 65. Rb6 Kg7 66. Rd6 Kg6
67. Nd3 Kf7 68. Nc5 Re8 69. Nd3 Re7 70. Ra6 Kg7 71. Nb4 Kf7 72. Kf3 Kg7 73. Ke2
Kf7 74. Nd3 Kg7 75. f3 Kg6 76. Nc5 Kf7 77. Kd3 Re8 78. e4 dxe4+ 79. fxe4 Bg7 80.
e5 Bf8 81. Ne4 Rb8 82. Ra7+ Kg6 83. Nf6 Bg7 84. Nh5 Bf8 85. Ke4 Rd8 86. Nf6 Bg7
87. Re7 Bxf6 88. Rxe6 Rf8 89. exf6 Rxf6 90. Rxf6+ Kxf6 91. d5 Ke7 92. Kf5 Kd6
93. Kg6 Kxd5 94. Kxh6 Ke6 95. Kxg5 Kf7 96. Kh6 Kg8 97. g5 1-0